000 00489nam a2200157 i 4500
001 52104
003 ES-MaACL
007 t|
008 030825s1982 sp ||||1| spa d
100 1 _aChaucer, Geoffrey.
_938193
245 1 3 _aEl parlamento de las aves /
_cGeoffrey Chaucer ; estudio crítico y traducción Luis Costa Palacios.
260 _a[Córdoba :
_bAstur,
_c1982]
300 _a136 p. ;
_c21 cm.
700 1 _aCosta Palacios, Luis.
_941108
852 _aES-MaACL
_jL-3716
_bR.104467
999 _c52104
_d52104